书目信息 |
| 题名: |
通信与电子信息类专业英语
|
|
| 作者: | 姜宇 主编 | |
| 分册: | ||
| 出版信息: | 哈尔滨 东北林业大学出版社 2006.01 |
|
| 页数: | 184页 | |
| 开本: | 24cm | |
| 丛书名: | ||
| 单 册: | ||
| 中图分类: | H31 | |
| 科图分类: | ||
| 主题词: | 通信技术--tong xin ji shu--英语--教材 , 电子技术--dian zi ji shu--英语--教材 | |
| 电子资源: | ||
| ISBN: | 7-81076-828-X | |
| 000 | 00822nam0 2200229 450 | |
| 001 | 012006384265 | |
| 005 | 20061019095043.14 | |
| 010 | @a7-81076-828-X@dCNY20.00 | |
| 100 | @a20060921d2006 km y0chiy0120 ea | |
| 101 | 0 | @achi@aeng |
| 102 | @aCN@b230000 | |
| 105 | @ay z 000yy | |
| 200 | 1 | @a通信与电子信息类专业英语@Atong xin yu dian zi xin xi lei zhuan ye ying yu@f姜宇主编@Fjiang yu zhu bian |
| 210 | @a哈尔滨@c东北林业大学出版社@d2006.01 | |
| 215 | @a184页@d24cm | |
| 330 | @a本书分通信技术、信息技术、网络多媒体和计算机四大部分,共16单元,每单元的内容主要由一篇主课文、单词、注释和配套练习组成。 | |
| 606 | 0 | @a通信技术@Atong xin ji shu@x英语@j教材 |
| 606 | 0 | @a电子技术@Adian zi ji shu@x英语@j教材 |
| 690 | @aH31@v4 | |
| 701 | 0 | @a姜宇@Ajiang yu@4主编 |
| 801 | 0 | @aCN@c20061019 |
| 905 | @apdsgxy@dH31@eJ538 | |
| 通信与电子信息类专业英语/姜宇主编.-哈尔滨:东北林业大学出版社,2006.01 |
| 184页;24cm |
| ISBN 7-81076-828-X:CNY20.00 |
| 本书分通信技术、信息技术、网络多媒体和计算机四大部分,共16单元,每单元的内容主要由一篇主课文、单词、注释和配套练习组成。 |
| ● |
| 相关链接 |
|
|
|
正题名:通信与电子信息类专业英语
索取号:H31/J538
 
预约/预借
| 序号 | 登录号 | 条形码 | 馆藏地/架位号 | 状态 | 备注 |
| 1 | 222041 | 202220417 | 语言库209/209语言库 82排4列1层/ [索取号:H31/J538] | 在馆 | |
| 2 | 222042 | 202220426 | 语言库209/209语言库 82排4列1层/ [索取号:H31/J538] | 在馆 | |
| 3 | 222043 | 202220435 | 语言库209/209语言库 82排4列1层/ [索取号:H31/J538] | 在馆 |